Statistics for Taylor Swift You Are In Love Lyrics

Click here to take the quiz!

General Stats

  • This quiz has been taken 648 times
  • The average score is 267 of 305

Answer Stats

HintAnswer% Correct
1a
99%
1it
99%
1on
99%
1you
99%
1he
98%
1in
98%
1love
98%
1the
98%
1are
97%
1can
97%
1hear
96%
1your
96%
1silence
95%
1home
94%
1way
94%
1and
93%
1feel
93%
1see
93%
1light
92%
1true
92%
1my
91%
1out
90%
1to
90%
1you're
90%
1his
89%
1says
89%
1with
89%
1best
88%
1friend
88%
1lights
88%
1look
88%
1is
87%
1no
87%
1of
87%
1one
87%
1for
86%
1then
85%
1was
85%
1knew
84%
1just
83%
1what
83%
1but
82%
1dark
82%
1go
82%
1room
82%
1word
82%
1face
81%
1keep
81%
1keeps
80%
1pauses
79%
1enough
77%
1meant
77%
1strange
77%
1they
77%
1not
76%
1picture
76%
1up
76%
1why
76%
1downtown
75%
1at
74%
1office
74%
1shirt
74%
1into
73%
1let
73%
1lost
73%
1night
73%
1now
73%
1round
73%
1talk
73%
1their
73%
1too
73%
1words
73%
1back
72%
1dancing
72%
1fears
72%
1life
72%
1much
72%
1once
72%
1put
72%
1so
72%
1understand
72%
1whole
72%
1coffee
71%
1fought
71%
1midnight
71%
1shoulders
71%
1spent
71%
1time
71%
1trying
71%
1two
71%
1brush
70%
1minds
70%
1snow
70%
1touch
70%
1wakes
70%
1globe
69%
1I've
69%
1wars
69%
1cause
68%
1felt
68%
1joke
68%
1kiss
68%
1reflects
68%
1coat
67%
1fast
67%
1neck
67%
1saw
67%
1sidewalks
67%
1buttons
66%
1fight
66%
1ghosts
66%
1toast
66%
1burnt
65%
1light-hearted
65%
1sunday
65%
1chain
64%
1moved
64%
1place
64%
1played
64%
1morning
63%
1proof
63%
1said
63%
1drives
62%
1goes
62%
1small
56%
1step
47%

Score Distribution

Percentile by Number Answered

Percent of People with Each Score

Your Score History

You have not taken this quiz